<?xml version="1.0" encoding="UTF-8"?><?xml-stylesheet type="text/xsl" href="static/style.xsl"?><OAI-PMH xmlns="http://www.openarchives.org/OAI/2.0/" xmlns:xsi="http://www.w3.org/2001/XMLSchema-instance" xsi:schemaLocation="http://www.openarchives.org/OAI/2.0/ http://www.openarchives.org/OAI/2.0/OAI-PMH.xsd"><responseDate>2026-06-03T05:40:31Z</responseDate><request verb="GetRecord" identifier="oai:riuma.uma.es:10630/7343" metadataPrefix="marc">https://riuma.uma.es/rest/oai/request</request><GetRecord><record><header><identifier>oai:riuma.uma.es:10630/7343</identifier><datestamp>2026-02-03T12:14:15Z</datestamp><setSpec>com_10630_2254</setSpec><setSpec>col_10630_37959</setSpec></header><metadata><record xmlns="http://www.loc.gov/MARC21/slim" xmlns:dcterms="http://purl.org/dc/terms/" xmlns:doc="http://www.lyncode.com/xoai" xmlns:xsi="http://www.w3.org/2001/XMLSchema-instance" xsi:schemaLocation="http://www.loc.gov/MARC21/slim http://www.loc.gov/standards/marcxml/schema/MARC21slim.xsd">
   <leader>00925njm 22002777a 4500</leader>
   <datafield ind2=" " ind1=" " tag="042">
      <subfield code="a">dc</subfield>
   </datafield>
   <datafield ind2=" " ind1=" " tag="720">
      <subfield code="a">Cánovas, Andrés</subfield>
      <subfield code="e">author</subfield>
   </datafield>
   <datafield ind2=" " ind1=" " tag="260">
      <subfield code="c">2014-03-27</subfield>
   </datafield>
   <datafield ind2=" " ind1=" " tag="520">
      <subfield code="a">Recorrido por la obra del estudio de arquitectura de Aman, Canovas y Marururi a través  de uno de sus componentes Andrés Canovas. La conferencia desvela los entresijos de las siguientes obras de arquitectura: El Parque Arqueológico del Molinete en Cartagena, las viviendas sociales de Carabanchel, Madrid, el Museo de Monteaguado en Murcia, las viviendas sociales de Coslada, Madrid, y la Torre Ascensor y edificio de oficinas en Cartagena, Murcia.&#xd;
En cada uno de estos proyectos se investiga con distintos materiales de construcción que intentan conferir al lugar nuevos atributos plásticos que lo mejoran y embellecen.</subfield>
   </datafield>
   <datafield ind1="8" ind2=" " tag="024">
      <subfield code="a">http://hdl.handle.net/10630/7343</subfield>
   </datafield>
   <datafield tag="653" ind2=" " ind1=" ">
      <subfield code="a">Arquitectura</subfield>
   </datafield>
   <datafield ind2="0" ind1="0" tag="245">
      <subfield code="a">La obra de Amann+canovas+Maruri</subfield>
   </datafield>
</record>
</metadata></record></GetRecord></OAI-PMH>